| 000 | 00000nam##2200000za#4500 |
| 001 | 9.686551 |
| 003 | CaOODSP |
| 005 | 20210624230603 |
| 007 | cr ||||||||||| |
| 008 | 150407|2000||||xxc|||||o f|0| 0 eng|d |
| 040 | |aCaOODSP|beng |
| 043 | |an-cn--- |
| 086 | 1 |aMP43-373/3-2000E-IN |
| 110 | 1 |aCanada. |bHuman Resources Development Canada. |
| 245 | 14|aThe partnership facilitator's guide / |h[electronic resource]|cWritten by Ken King, Anne Smith and Flo Frank. |
| 250 | |a2nd edition |
| 260 | |aOttawa - Ontario : |bHuman Resources Development Canada |c[2000]. |
| 300 | |aiv, 82p. |
| 520 | 3 |aThis guide provides information on facilitating a workshop on effective community partnerships. It includes detailed suggestions on agendas for one- or two-day workshops, exercises, and alternative options. Samples of questionnaires, letters, worksheets, and assessment and evaluation forms are included. Intended for highly skilled facilitators with some knowledge of community partnerships. |
| 590 | |a03-23|b2003-06-06 |
| 720 | 1 |aFrank, Flo |
| 720 | 1 |aSmith, Anne |
| 720 | 1 |aKing, Ken |
| 775 | 08|tManuel de l'animateur, guide du partenariat / |w(CaOODSP)9.631019 |
| 776 | 0#|tThe partnership facilitator's guide / |w(CaOODSP)9.647715 |
| 856 | 40|ahttp://publications.gc.ca|qPDF|s184 KB|uhttps://publications.gc.ca/collections/Collection/MP43-373-3-2000E.pdf |